The Desert mounted corps : (Record no. 26966)
[ view plain ]
| 000 -LEADER | |
|---|---|
| fixed length control field | 01155cam a2200277 4500 |
| 001 - CONTROL NUMBER | |
| control field | 26966 |
| 003 - CONTROL NUMBER IDENTIFIER | |
| rucl marc code | BD-RjUL |
| 005 - DATE AND TIME OF LATEST TRANSACTION | |
| control field | 20211209051107.0 |
| 008 - FIXED-LENGTH DATA ELEMENTS--GENERAL INFORMATION | |
| fixed length control field | 140324s1922 nyucafb 001 0 eng d |
| 035 ## - SYSTEM CONTROL NUMBER | |
| System control number | (BD-RjUL) 27037 |
| 040 ## - CATALOGING SOURCE | |
| Original cataloging agency | DLC |
| Transcribing agency | DLC |
| Modifying agency | DLC |
| -- | BD-RjUL |
| Language of cataloging | eng |
| 041 ## - LANGUAGE CODE | |
| Language code of text/sound track or separate title | eng |
| 082 00 - DEWEY DECIMAL CLASSIFICATION NUMBER | |
| Classification number | 956.9 |
| Author mark and year | PRD 1922 |
| 100 1# - MAIN ENTRY--PERSONAL NAME | |
| Personal name | Preston, Richard Martin Peter, |
| Dates associated with a name | 1884- [from old catalog] |
| 9 (RLIN) | 82874 |
| 245 14 - TITLE STATEMENT | |
| Title | The Desert mounted corps : |
| Remainder of title | an account of the cavalry operations in Palestine and Syria, 1917-1918 / |
| Statement of responsibility, etc. | by Lieut.-Colonel the Hon. R.M.P. Preston, D.S.O. With an introduction by Lieut.-General Sir H.G. Chauvel. |
| 260 ## - PUBLICATION, DISTRIBUTION, ETC. (IMPRINT) | |
| Place of publication, distribution, etc. | New York : |
| Name of publisher, distributor, etc. | Houghton Mifflin Company, |
| Date of publication, distribution, etc. | 1922. |
| 300 ## - PHYSICAL DESCRIPTION | |
| Pagination | xxiv, 356 p. : |
| Illustrations | ill. ; |
| Size | 23 cm. |
| 504 ## - BIBLIOGRAPHY, ETC. NOTE | |
| Bibliography, etc | Includes Index |
| 650 #0 - SUBJECT ADDED ENTRY--TOPICAL TERM | |
| Topical term or geographic name as entry element | World War, 1914-1918 |
| General subdivision | Regimental histories |
| Geographic subdivision | Great Britain. |
| 9 (RLIN) | 82875 |
| Topical term or geographic name as entry element | World War, 1914-1918 |
| General subdivision | Campaigns |
| Geographic subdivision | Turkey and the Middle East. |
| 9 (RLIN) | 78885 |
| 651 #0 - SUBJECT ADDED ENTRY--GEOGRAPHIC NAME | |
| Geographic name | Great Britain |
| General subdivision | Army |
| -- | Cavalry |
| -- | Desert mounted corps. |
| 9 (RLIN) | 82876 |
| 856 41 - ELECTRONIC LOCATION AND ACCESS | |
| Materials specified | Table of contents |
| Uniform Resource Identifier | <a href="http://www.loc.gov/catdir/toc/fy0716/21013249.html">http://www.loc.gov/catdir/toc/fy0716/21013249.html</a> |
| 942 ## - ADDED ENTRY ELEMENTS (KOHA) | |
| Source of classification or shelving scheme | Dewey Decimal Classification |
| Koha item type | Books |
| Lost status | Source of classification or shelving scheme | Damaged status | Not for loan | Collection code | Permanent Location | Current Location | Shelving location | Date acquired | Source of acquisition | Cost, normal purchase price | Total Checkouts | Full call number | Date last seen | Copy number | Koha item type |
|---|---|---|---|---|---|---|---|---|---|---|---|---|---|---|---|
| Dewey Decimal Classification | Added to bundle | Non-fiction | Central Library, University of Rajshahi | Central Library, University of Rajshahi | Reading Room | 27/09/1956 | Q.I . Qurashi | 14.40 | 956.9 PRD 1922 | 24/03/2014 | C-1 | Books |